00967cam a2200289 a 45000010008000000030004000080050017000120080041000290100017000700200015000870400018001020420009001200500023001291000026001522450103001782600035002813000033003165210007003495260008003566500019003646500019003836500023004026500029004257000036004548560097004908560090005872523354OSt20140310184328.0930422s1994 nyua j 000 1 eng  a 93019791  a043910629X aDLCcDLCdDLC alcac00aPZ 7b.Sa1185 19991 aSachar, Louis,d1954-10aMarvin Redpost : balone in his teacher's house /cLouis Sachar ; illustrated by Barbara Sullivan. aNew York :bScholastic,c1999. a83 p. :bcol. ill. ;c20 cm.0 aG2 c410 1aDogsxFiction. 1aPetsxFiction. 1aTeachersxFiction. 1aResponsibilityxFiction.1 aSullivan, Barbara,d1957-eill.423Contributor biographical informationuhttp://www.loc.gov/catdir/bios/random056/93019791.html423Publisher descriptionuhttp://www.loc.gov/catdir/description/random0411/93019791.html